[Event "2nd Yerevan Open"]
[Site "?"]
[Date "2017.09.21"]
[Round "3.50"]
[White "Santryan, David"]
[Black "Rezanezhad, Mojtaba"]
[Result "1-0"]
[WhiteElo "2085"]
[BlackElo "1822"]
[PlyCount "87"]

1. d4 Nf6 2. Bg5 Ne4 3. Bf4 c5 4. f3 Qa5+ 5. c3 Nf6 6. d5 d6 7. e4 Nbd7 8. a4
g6 9. Nd2 Bg7 10. Nc4 Qd8 11. Qd2 h6 12. Bd3 Nh5 13. Be3 b6 14. f4 Nhf6 15. Nf3
Ng4 16. Bg1 Qc7 17. h3 Ngf6 18. e5 Nh7 19. exd6 exd6 20. Qe2+ Kd8 21. Bf2 Re8
22. Ne3 f5 23. O-O Ndf6 24. Qc2 Ne4 25. Bh4+ Bf6 26. Bxf6+ Nhxf6 27. a5 Bb7 28.
Bb5 Re7 29. a6 Bc8 30. Rad1 Bd7 31. Bc6 Rb8 32. b4 Ke8 33. Bb7 Kf7 34. Qb2 Rbe8
35. Rfe1 Nh5 36. Nf1 Nxf4 37. Qc1 g5 38. Bc6 Kg6 39. h4 Nxc3 40. Qxc3 Rxe1 41.
Rxe1 Ne2+ 42. Rxe2 Rxe2 43. Qh8 Re8 44. h5+ 1-0

[Event "2nd Yerevan Open"]
[Site "?"]
[Date "2017.09.21"]
[Round "3.52"]
[White "Hakobyan , Hakob Mk."]
[Black "Yeritsyan, Haik"]
[Result "0-1"]
[WhiteElo "1763"]
[BlackElo "2078"]
[PlyCount "60"]

1. e4 c5 2. c3 e6 3. d4 d5 4. e5 Nc6 5. Nf3 Nh6 6. Bxh6 gxh6 7. Bb5 Qb6 8. Qe2
a6 9. Bxc6+ bxc6 10. O-O a5 11. Rc1 Ba6 12. Qc2 Rb8 13. Nbd2 Be7 14. Nb3 c4 15.
Nbd2 Qxb2 16. Qd1 O-O 17. Nf1 Kh8 18. Rc2 Qa3 19. Qd2 Rg8 20. Qxh6 Rb2 21. Rac1
Qxa2 22. Rxb2 Qxb2 23. Qf4 a4 24. Re1 Rg7 25. Ng3 Qxc3 26. Nh5 Bg5 27. Qg4 Rg8
28. Rb1 Bh6 29. Qh4 Qxf3 30. Ng7 Qe4 0-1

[Event "2nd Yerevan Open"]
[Site "?"]
[Date "2017.09.21"]
[Round "3.53"]
[White "Aghasarov, Benik"]
[Black "Melkonyan, Arshak"]
[Result "0-1"]
[WhiteElo "1763"]
[BlackElo "2064"]
[PlyCount "38"]

1. e4 c6 2. Nc3 d5 3. d4 dxe4 4. Nxe4 Nf6 5. Nxf6+ exf6 6. Nf3 Bd6 7. Bd3 O-O
8. O-O Bg4 9. c3 Nd7 10. h3 Bh5 11. Be3 Re8 12. Re1 Nf8 13. c4 Ne6 14. d5 cxd5
15. cxd5 Nc7 16. Be2 Nxd5 17. Bb5 Nxe3 18. fxe3 Re7 19. Qd5 Bh2+ 0-1

[Event "2nd Yerevan Open"]
[Site "?"]
[Date "2017.09.21"]
[Round "3.54"]
[White "Yeremyan, Alen"]
[Black "Piliposyan, Gor"]
[Result "1-0"]
[WhiteElo "2060"]
[BlackElo "1464"]
[PlyCount "53"]

1. e4 c5 2. Nf3 Nc6 3. Nc3 Nf6 4. Bb5 d6 5. O-O e6 6. d4 cxd4 7. Nxd4 Bd7 8.
Be3 Be7 9. Nb3 a6 10. Be2 b5 11. a3 O-O 12. f4 Ne8 13. Bf3 Rb8 14. Qe2 Bf6 15.
Rad1 Na5 16. e5 Nxb3 17. exf6 Nc1 18. Bxc1 Qxf6 19. Ne4 Qe7 20. Be3 Rc8 21. b4
f5 22. Nf2 Bc6 23. Bxc6 Rxc6 24. Bd4 Nc7 25. Bb2 Nd5 26. Rxd5 Rxc2 27. Rd2 1-0

[Event "2nd Yerevan Open"]
[Site "?"]
[Date "2017.09.21"]
[Round "3.55"]
[White "Israyelyan, Eduard"]
[Black "Danielyan, Vahe"]
[Result "0-1"]
[WhiteElo "1854"]
[BlackElo "2331"]
[PlyCount "80"]

1. Nf3 Nf6 2. c4 b6 3. g3 Bb7 4. Bg2 g6 5. Nc3 Bg7 6. b3 O-O 7. Bb2 d6 8. d4
Nbd7 9. O-O e5 10. dxe5 dxe5 11. Qc2 Qc8 12. Rad1 Re8 13. e4 Nf8 14. Rfe1 N6d7
15. Bh3 Ne6 16. Qd2 Nb8 17. Nd5 Nc6 18. Ng5 Ncd4 19. Bxd4 exd4 20. Nxe6 fxe6
21. e5 c5 22. Qg5 Kh8 23. Nf4 Qd7 24. Qh4 Qf7 25. Qg4 Rad8 26. Rd3 Bc8 27. Rf3
Kg8 28. Bg2 Qf5 29. Bh3 Qxg4 30. Bxg4 h5 31. Bh3 Kh7 32. Bg2 Rf8 33. Rd3 Bh6
34. Ne2 Bd7 35. a4 a6 36. Bb7 b5 37. a5 bxc4 38. bxc4 Ba4 39. Ra3 Bc2 40. Raa1
Bd2 0-1

[Event "2nd Yerevan Open"]
[Site "?"]
[Date "2017.09.21"]
[Round "3.56"]
[White "Tavoosi Rad, Ramtin	"]
[Black "Chaqryan , Erik"]
[Result "1-0"]
[WhiteElo "2070"]
[BlackElo "1821"]
[PlyCount "85"]

1. e4 c6 2. Nc3 d5 3. Nf3 Nf6 4. exd5 cxd5 5. d4 Nc6 6. h3 Bf5 7. Bb5 a6 8.
Bxc6+ bxc6 9. Ne5 Rc8 10. O-O e6 11. Ne2 Bd6 12. Bg5 Qc7 13. Nd3 Ne4 14. Bf4
O-O 15. Bxd6 Qxd6 16. c3 c5 17. dxc5 Nxc5 18. Nxc5 Qxc5 19. Nd4 Bg6 20. Re1 Rb8
21. Qd2 a5 22. b3 a4 23. b4 Qc4 24. a3 Rbc8 25. Re3 Rfe8 26. Rae1 Be4 27. f3
Bg6 28. Qe2 Qxe2 29. R1xe2 Rc4 30. b5 Rec8 31. Rb2 Rb8 32. Kf1 Kf8 33. Nc6 Rb6
34. Ne5 Rc7 35. Nc6 Ke8 36. Rb4 Kd7 37. Ke1 Kd6 38. Kd2 Rcb7 39. Na5 Rb8 40. c4
Kc5 41. Rxa4 dxc4 42. Re5+ Kd4 43. f4 1-0

[Event "2nd Yerevan Open"]
[Site "?"]
[Date "2017.09.21"]
[Round "3.57"]
[White "Shahzamani , Arman"]
[Black "Seyranyan, Gor"]
[Result "1-0"]
[WhiteElo "2064"]
[BlackElo "1747"]
[PlyCount "63"]

1. e4 c5 2. d4 cxd4 3. c3 d3 4. Bxd3 Nc6 5. Nf3 d6 6. h3 g6 7. c4 Bg7 8. Nc3
Nf6 9. O-O O-O 10. Bg5 b6 11. Qd2 Re8 12. Rac1 Bb7 13. Nd5 Nd7 14. Bb1 Nc5 15.
Nh2 Bc8 16. f4 f5 17. exf5 Bxf5 18. Rfe1 Qd7 19. Bxe7 Be6 20. Bf6 Qf7 21. Bxg7
Qxg7 22. Nf3 Rac8 23. Re2 Bf5 24. b4 Ne4 25. Bxe4 Rxe4 26. Rxe4 Bxe4 27. Ng5
Bf5 28. Re1 h6 29. Nf3 Bd7 30. b5 Na5 31. Ne7+ Kh7 32. Nxc8 1-0

[Event "2nd Yerevan Open"]
[Site "?"]
[Date "2017.09.21"]
[Round "3.58"]
[White "Hoghmrtsyan, Artur"]
[Black "Barseghyan, Narek"]
[Result "1-0"]
[WhiteElo "2012"]
[BlackElo "1733"]
[PlyCount "123"]

1. Nf3 Nf6 2. g3 b6 3. Bg2 Bb7 4. O-O e6 5. d3 d5 6. e4 dxe4 7. Nfd2 h5 8. h4
Nbd7 9. Nc3 Be7 10. Ndxe4 Nxe4 11. Nxe4 Rb8 12. Bd2 Nf6 13. Qe2 Nxe4 14. dxe4
Bf6 15. Rfd1 Qc8 16. Bg5 Bxg5 17. Qb5+ Kf8 18. Qxg5 Qe8 19. Rd2 Qe7 20. Qe5 f6
21. Qc3 Kf7 22. e5 Bxg2 23. exf6 gxf6 24. Kxg2 Rbd8 25. Re2 Qd6 26. Rae1 Rhe8
27. Re3 c5 28. Rd3 Qc6+ 29. Rf3 e5 30. Kh2 Qe6 31. Qe3 Qg4 32. Kg2 Qg6 33. Qb3+
Kg7 34. Qa4 Re7 35. Qc6 Qf7 36. Kh2 Re6 37. Qe4 Qg6 38. Rf5 Rd4 39. Qb7+ Kh6
40. Rf3 Qg7 41. Qc8 Re7 42. Ree3 Red7 43. Qe8 Rd8 44. Qb5 Kg6 45. Qc6 R8d6 46.
Qe8+ Qf7 47. Qxf7+ Kxf7 48. Rxe5 Rd2 49. Rxh5 Kg6 50. Rhf5 Rxc2 51. h5+ Kg7 52.
Re3 Rdd2 53. Kg2 Re2 54. Ref3 Re6 55. Rd3 Rxb2 56. Rd7+ Kg8 57. h6 Rbe2 58.
Rg7+ Kf8 59. Rd5 R2e5 60. Rd8+ Re8 61. Rdd7 Rc8 62. h7 1-0

[Event "2nd Yerevan Open"]
[Site "?"]
[Date "2017.09.21"]
[Round "3.59"]
[White "Avetisyan, Mariam"]
[Black "Grigoryan, Aram"]
[Result "1-0"]
[WhiteElo "1976"]
[BlackElo "1673"]
[PlyCount "51"]

1. d4 Nf6 2. c4 g6 3. Nc3 Bg7 4. Nf3 O-O 5. Bf4 d6 6. h3 Nc6 7. e3 Nd7 8. Be2
e5 9. Bh2 h6 10. Qd2 a6 11. O-O f5 12. a3 g5 13. dxe5 Ndxe5 14. Qd5+ Kh8 15.
Nxe5 dxe5 16. Qxd8 Nxd8 17. Nd5 Ne6 18. Ne7 Kh7 19. g4 Nc5 20. gxf5 Rf7 21.
Nxc8 Rxc8 22. Rad1 Rcf8 23. b4 Ne4 24. Bd3 Nc3 25. f6+ e4 26. fxg7 1-0

[Event "2nd Yerevan Open"]
[Site "?"]
[Date "2017.09.21"]
[Round "3.60"]
[White "Kocharyan, Haik"]
[Black "Gesyan, Suren"]
[Result "1/2-1/2"]
[WhiteElo "1737"]
[BlackElo "2063"]
[PlyCount "68"]

1. d4 d5 2. c4 e6 3. Nc3 Nf6 4. cxd5 Nxd5 5. e4 Nxc3 6. bxc3 c5 7. Nf3 cxd4 8.
cxd4 Bb4+ 9. Bd2 Bxd2+ 10. Qxd2 O-O 11. Bd3 b6 12. O-O Bb7 13. Rfe1 Nd7 14.
Rad1 Nf6 15. Bb1 Qe7 16. Qd3 g6 17. Ne5 Rfd8 18. Qe3 Rac8 19. h4 Nd7 20. h5
Nxe5 21. dxe5 Qh4 22. h6 Qh5 23. Rxd8+ Rxd8 24. Qf4 Rd1 25. Rxd1 Qxd1+ 26. Kh2
Kf8 27. Qf6 Qh5+ 28. Kg3 Qxh6 29. Qh8+ Ke7 30. Qb8 Qg5+ 31. Kf3 Qh5+ 32. Kg3
Qg5+ 33. Kf3 Qh5+ 34. Ke3 Qg5+ 1/2-1/2

[Event "2nd Yerevan Open"]
[Site "?"]
[Date "2017.09.21"]
[Round "3.62"]
[White "Machkalyan, Haik"]
[Black "Adamyan, Mane"]
[Result "0-1"]
[WhiteElo "1890"]
[BlackElo "1636"]
[PlyCount "94"]

1. Nf3 Nf6 2. g3 b6 3. Bg2 Bb7 4. b3 e6 5. c4 c5 6. O-O Be7 7. Bb2 O-O 8. d4 d5
9. Ne5 Nc6 10. cxd5 exd5 11. e3 Qc7 12. Nc3 Rad8 13. Nxc6 Bxc6 14. Rc1 Qb7 15.
Qd3 Rfe8 16. Rfd1 Ne4 17. dxc5 Nxc5 18. Qc2 Ne6 19. Ne2 Rc8 20. Qf5 Red8 21.
Nf4 Nxf4 22. Qxf4 Bf8 23. Qf5 Bd7 24. Rxc8 Rxc8 25. Qh5 Be6 26. Bxd5 Bxd5 27.
Rxd5 Rc2 28. Qd1 Rxb2 29. Rd8 Qe7 30. Qd5 Rxa2 31. h4 Qc5 32. Qd7 Rc2 33. Qe8
Rc1+ 34. Kh2 Rc2 35. Kg1 a5 36. Rb8 g6 37. Qd8 Kg7 38. Rxb6 Be7 39. Qb8 Qf5 40.
Qf4 Qxf4 41. exf4 Bc5 42. Rb5 Bxf2+ 43. Kg2 Bc5+ 44. Kh3 Bb4 45. h5 Rc3 46. Rb7
Rxb3 47. Kg4 gxh5+ 0-1

[Event "2nd Yerevan Open"]
[Site "?"]
[Date "2017.09.21"]
[Round "3.63"]
[White "Mkrtchyan , Mariam"]
[Black "Nanyan, Georgi"]
[Result "1-0"]
[WhiteElo "1794"]
[BlackElo "1610"]
[PlyCount "157"]

1. g3 Nf6 2. Bg2 g6 3. d4 Bg7 4. e4 d6 5. Ne2 c5 6. dxc5 Qa5+ 7. Nbc3 Qxc5 8.
h3 O-O 9. Be3 Qa5 10. O-O Nc6 11. f4 Rd8 12. Nd5 e6 13. Nxf6+ Bxf6 14. c3 Ne7
15. g4 Qc7 16. Bf2 b6 17. h4 Bb7 18. h5 e5 19. Be3 d5 20. fxe5 Bxe5 21. Qb3 Ba6
22. Rf2 Bc4 23. Qc2 Bg3 24. Nxg3 Qxg3 25. Bg5 Rd7 26. Qd1 gxh5 27. b3 Bb5 28.
Bxe7 Rxe7 29. Qxd5 Qxc3 30. Rd1 Bc6 31. Qg5+ Kf8 32. Rc1 Qb4 33. Qh6+ Kg8 34.
Qxc6 Rae8 35. gxh5 Qd4 36. Qd5 Qe3 37. Qd2 Qg3 38. Qf4 Qg7 39. Qf6 Qg3 40. Rc3
Qg4 41. Qf5 Rxe4 42. Qxg4+ Rxg4 43. Kf1 Rg5 44. Bf3 Re7 45. Rc6 Kg7 46. Be2
Rge5 47. h6+ Kf8 48. Bc4 Ke8 49. Rc8+ Kd7 50. Rf8 Rh5 51. R8xf7 Rh1+ 52. Kg2
Rxh6 53. Rxe7+ Kxe7 54. Rf7+ Kd6 55. Rxa7 Rg6+ 56. Kf3 h6 57. a4 Kc5 58. Rd7
Rg5 59. Rh7 Rg6 60. Kf4 Rd6 61. Kg4 Rg6+ 62. Kh5 Rg1 63. Rxh6 Rg2 64. Rg6 Rh2+
65. Kg5 Rg2+ 66. Kf5 Rf2+ 67. Ke4 Rf8 68. Re6 Rh8 69. Kd3 Rh3+ 70. Re3 Rh5 71.
Kc3 Kd6 72. Re6+ Kc7 73. b4 Rg5 74. Bd3 Rh5 75. Rf6 Rh1 76. Rf7+ Kd6 77. Rb7
Rc1+ 78. Kb2 Rc6 79. Bb5 1-0

[Event "2nd Yerevan Open"]
[Site "?"]
[Date "2017.09.21"]
[Round "3.64"]
[White "Margaryan, Yuri"]
[Black "Nourimoghaddam, Shahrokh"]
[Result "1/2-1/2"]
[WhiteElo "1501"]
[BlackElo "1794"]
[PlyCount "103"]

1. e4 c5 2. Nf3 e6 3. d4 cxd4 4. Nxd4 a6 5. Nc3 b5 6. a3 Bb7 7. Be2 Qc7 8. Bf3
Nc6 9. O-O Ne5 10. Bf4 d6 11. Bxe5 dxe5 12. Nb3 Nf6 13. Qe2 b4 14. axb4 Bxb4
15. Na2 Be7 16. Nc3 O-O 17. Na5 Bb4 18. Nxb7 Bxc3 19. bxc3 Qxb7 20. Rfb1 Qc6
21. Rb3 Rfe8 22. g3 h6 23. Bg2 a5 24. Kh1 a4 25. Rba3 Ra5 26. f4 Rea8 27. h3
R8a7 28. Qe3 Nd7 29. Kh2 Nb6 30. Bf1 exf4 31. gxf4 Rc7 32. Bd3 Rc5 33. e5 Nc4
34. Bxc4 Rxc4 35. h4 h5 36. Qg3 Rxc3 37. Rxc3 Qxc3 38. Qxc3 Rxc3 39. Rxa4 Rxc2+
40. Kg3 Rc3+ 41. Kg2 Kh7 42. Ra7 Kg6 43. Rb7 Ra3 44. Re7 Ra2+ 45. Kg3 Ra1 46.
Kg2 Ra8 47. Rb7 Rf8 48. Kg3 Kh7 49. Ra7 Kg8 50. Rb7 Re8 51. Ra7 Kf8 52. Rb7 {
...1/2} 1/2-1/2

[Event "2nd Yerevan Open"]
[Site "?"]
[Date "2017.09.21"]
[Round "3.65"]
[White "Piliposyan, Robert "]
[Black "Khachatryan, Veronika"]
[Result "1-0"]
[WhiteElo "1773"]
[BlackElo "1595"]
[PlyCount "93"]

1. d4 Nf6 2. c4 g6 3. Nc3 Bg7 4. Nf3 O-O 5. Bf4 d6 6. e3 Nbd7 7. h3 c5 8. Be2
cxd4 9. exd4 b6 10. O-O Bb7 11. d5 Rc8 12. Rc1 a6 13. Re1 b5 14. b3 bxc4 15.
bxc4 Nc5 16. Nd4 Nfd7 17. Nb3 Re8 18. Be3 Qc7 19. Qd2 Rb8 20. Nd4 Nf6 21. Qc2
Rec8 22. Bf1 Kf8 23. Na4 Nxa4 24. Qxa4 Qd7 25. Qa3 Rc7 26. Nb3 a5 27. Nd4 h6
28. Nb5 Rcc8 29. Bd4 Ra8 30. Qe3 h5 31. g3 a4 32. Rb1 Bxd5 33. cxd5 Nxd5 34.
Qf3 Nf6 35. Rbd1 Rab8 36. Bxf6 Bxf6 37. Nxd6 Rc3 38. Qf4 g5 39. Ne4 gxf4 40.
Rxd7 Rc2 41. Nxf6 exf6 42. gxf4 Rbb2 43. Ree7 Rxf2 44. Rxf7+ Ke8 45. Rfe7+ Kf8
46. Rh7 Ke8 47. Ra7 1-0

[Event "2nd Yerevan Open"]
[Site "?"]
[Date "2017.09.21"]
[Round "3.66"]
[White "Avagyan, Gor V."]
[Black "Arakelyan, Nare"]
[Result "0-1"]
[WhiteElo "1477"]
[BlackElo "1772"]
[PlyCount "128"]

1. Nf3 Nf6 2. b3 g6 3. Bb2 Bg7 4. e3 c5 5. c4 O-O 6. Be2 Nc6 7. O-O b6 8. d4
cxd4 9. Nxd4 Bb7 10. Bf3 Qc8 11. Qe2 d5 12. Nxc6 Bxc6 13. Rc1 dxc4 14. Bxc6
Qxc6 15. Rxc4 Qe6 16. Nd2 Rfd8 17. Rac1 Rd5 18. Nf3 Rad8 19. Nd4 Qd6 20. Rc6
Qb8 21. h3 e5 22. Nf3 Ne4 23. R6c2 a5 24. g3 h6 25. Qc4 Nc5 26. Ne1 Qd6 27. Ba3
Qf6 28. Bxc5 Rxc5 29. Qe2 Rcd5 30. Rc6 Rd2 31. Qxd2 Rxd2 32. Rxf6 Bxf6 33. Rc6
Kg7 34. Rxb6 e4 35. Kg2 Rxa2 36. Rc6 Rb2 37. Rc5 Rxb3 38. Rxa5 Bc3 39. Ra4 Bxe1
40. Rxe4 Rb2 41. Rf4 Rb4 42. Rf3 f5 43. h4 Kf6 44. Kf1 Bd2 45. Ke2 Bc3 46. Kf1
Be5 47. Kg2 g5 48. hxg5+ hxg5 49. e4 Rxe4 50. Ra3 Bd4 51. Ra2 Re1 52. Rc2 Rb1
53. Rd2 Rb4 54. Kg1 Ke5 55. Re2+ Kd5 56. Re1 Rb2 57. Rf1 g4 58. Kg2 Re2 59. Kg1
Ke4 60. Kg2 Bc5 61. Ra1 Rxf2+ 62. Kh1 Kf3 63. Rc1 Kxg3 64. Rxc5 Rf1# 0-1

[Event "2nd Yerevan Open"]
[Site "?"]
[Date "2017.09.21"]
[Round "3.67"]
[White "Hakobyan, Norayr"]
[Black "Edigaryan , Asya"]
[Result "0-1"]
[WhiteElo "1727"]
[BlackElo "2499"]
[PlyCount "100"]

1. d4 Nf6 2. Bg5 g6 3. Bxf6 exf6 4. e3 Bg7 5. Bd3 d5 6. Ne2 O-O 7. c3 c6 8. Qc2
Nd7 9. Nd2 f5 10. O-O Nf6 11. c4 dxc4 12. Bxc4 Nd5 13. a3 Be6 14. b4 Rc8 15.
Rab1 Qe7 16. Kh1 Rfd8 17. Rfd1 Qh4 18. Ng3 f4 19. Nf3 Qe7 20. Nf1 fxe3 21. fxe3
Bf5 22. Bd3 Bxd3 23. Qxd3 Re8 24. Re1 f5 25. N3d2 Nf6 26. Kg1 Kh8 27. Nc4 Ne4
28. Ncd2 Rcd8 29. Nxe4 Qxe4 30. Qxe4 Rxe4 31. Kf2 f4 32. exf4 Rxf4+ 33. Kg1
Bxd4+ 34. Kh1 Rdf8 35. Nd2 Bc3 36. g3 Rf2 37. Ne4 Bxe1 38. Rxe1 Rf1+ 39. Rxf1
Rxf1+ 40. Kg2 Ra1 41. Nd6 b6 42. Nc4 Kg7 43. Kh3 c5 44. bxc5 bxc5 45. Kg4 Rc1
46. Nd2 c4 47. Kf3 c3 48. Nb3 Rd1 49. Ke2 c2 50. Nc1 Rxc1 0-1

[Event "2nd Yerevan Open"]
[Site "?"]
[Date "2017.09.21"]
[Round "3.68"]
[White "Mitoyan, Zhores"]
[Black "Gevorgyan, Anahit"]
[Result "1-0"]
[WhiteElo "1440"]
[BlackElo "1723"]
[PlyCount "119"]

1. d4 Nf6 2. Nf3 e6 3. g3 b6 4. Bg2 c6 5. O-O Be7 6. c4 Ba6 7. Nbd2 d5 8. b3
Nbd7 9. Bb2 O-O 10. Re1 c5 11. e4 Nxe4 12. Nxe4 dxe4 13. Rxe4 Bb7 14. Re1 Bf6
15. Ne5 Bxg2 16. Kxg2 Qc7 17. f4 Rad8 18. Qe2 Bxe5 19. dxe5 Nb8 20. Rad1 Nc6
21. Qe4 Nb4 22. a3 Qc6 23. Qxc6 Nxc6 24. Bc3 a5 25. Kf3 Rxd1 26. Rxd1 Rd8 27.
Rxd8+ Nxd8 28. Ke4 Nc6 29. Ke3 h5 30. Ke4 Kf8 31. h3 Ke7 32. Ke3 Kd7 33. Ke4
Ne7 34. Kf3 Kc6 35. Ke4 Kb7 36. Kf3 Ka6 37. a4 Kb7 38. Ke4 Ng8 39. Kf3 Nh6 40.
Ke4 Kc6 41. Bb2 Kd7 42. Bc3 Ke7 43. Kf3 Ng8 44. Ke4 f5+ 45. Kf3 Kf7 46. Be1 Ne7
47. Bc3 Nc6 48. Ke3 Kg6 49. h4 Kf7 50. Kd3 Ke7 51. Ke3 Kd7 52. Kd3 Nd4 53. Bxd4
cxd4 54. Kxd4 Kc6 55. Kd3 Kc5 56. Kc3 g6 57. Kd3 Kb4 58. Kc2 Kc5 59. Kc3 Kc6
60. b4 1-0

[Event "2nd Yerevan Open"]
[Site "?"]
[Date "2017.09.21"]
[Round "3.69"]
[White "Hakobyan, Asghik"]
[Black "Alikhanyan, Artak"]
[Result "0-1"]
[WhiteElo "1708"]
[BlackElo "1421"]
[PlyCount "78"]

1. e4 c6 2. d4 d5 3. Nc3 dxe4 4. Nxe4 Bf5 5. Ng3 Bg6 6. h4 h6 7. Nf3 Nd7 8. h5
Bh7 9. Bd3 Bxd3 10. Qxd3 Qc7 11. Bd2 e6 12. O-O-O Ngf6 13. Ne4 Nxe4 14. Qxe4
Nf6 15. Qe2 Bd6 16. Ne5 O-O-O 17. Rh3 Rhf8 18. Rb3 Nd7 19. f4 Nxe5 20. fxe5 Be7
21. Qg4 Rg8 22. c4 Kb8 23. Bf4 Qa5 24. Kb1 Qa4 25. Qe2 Rd7 26. Qc2 Qa5 27. Qh7
Qd8 28. d5 cxd5 29. cxd5 Bg5 30. Bh2 g6 31. hxg6 fxg6 32. Qxd7 Qxd7 33. Rbd3
Rc8 34. a3 b6 35. dxe6 Rc1+ 36. Ka2 Qxe6+ 37. b3 Rxd1 38. Rxd1 Be7 39. a4 Kb7
0-1

[Event "2nd Yerevan Open"]
[Site "?"]
[Date "2017.09.21"]
[Round "3.70"]
[White "Hovhyan, Nikolay"]
[Black "Brutyan , Hamlet"]
[Result "0-1"]
[WhiteElo "1414"]
[BlackElo "1704"]
[PlyCount "84"]

1. c4 Nf6 2. g3 c5 3. Bg2 g6 4. Nf3 Bg7 5. O-O O-O 6. Nc3 Nc6 7. d4 cxd4 8.
Nxd4 Ng4 9. e3 d6 10. h3 Nge5 11. Nxc6 bxc6 12. f4 Nxc4 13. Bxc6 Rb8 14. Qe2
Ba6 15. Bb5 Bxb5 16. Nxb5 Rxb5 17. Qxc4 Qb6 18. Re1 Rb4 19. Qd3 Bxb2 20. Bxb2
Rxb2 21. Rab1 Rb8 22. Rxb2 Qxb2 23. Re2 Qc1+ 24. Kg2 Rb1 25. Kf3 Qf1+ 26. Kg4
h5+ 27. Kh4 Rb2 28. Rd2 Qxd3 29. Rxd3 Rxa2 30. Rc3 Kg7 31. g4 hxg4 32. hxg4 a5
33. f5 gxf5 34. gxf5 Kf6 35. Kg4 Ra4+ 36. Kf3 Kxf5 37. Rc7 Ke6 38. e4 Ra1 39.
Kf4 a4 40. Rc6 a3 41. e5 a2 42. Ke3 Re1+ 0-1

[Event "2nd Yerevan Open"]
[Site "?"]
[Date "2017.09.21"]
[Round "3.73"]
[White "Qoloyan, Iskhan"]
[Black "Perosyants, Argishti"]
[Result "1/2-1/2"]
[WhiteElo "1317"]
[BlackElo "1667"]
[PlyCount "127"]

1. c4 e6 2. Nc3 d5 3. d4 Nf6 4. Nf3 Be7 5. e3 O-O 6. Qc2 c5 7. cxd5 exd5 8. Be2
Nc6 9. dxc5 Bxc5 10. O-O Bg4 11. a3 Rc8 12. Qa4 Bf5 13. Rd1 Ne7 14. Bd3 Bg4 15.
Be2 Qb6 16. Qb5 Qc7 17. Qb3 a6 18. Bd2 Rfd8 19. Rac1 Qb8 20. Na4 Bd6 21. h3 Be6
22. Nd4 b5 23. Nc3 Qb6 24. a4 b4 25. Na2 a5 26. Nc3 Qb8 27. Ncb5 Bh2+ 28. Kh1
Ne4 29. Be1 Nc5 30. Qa2 Be5 31. b3 Nf5 32. Bf3 Bxd4 33. Nxd4 Nxd4 34. exd4 Ne4
35. Bxe4 dxe4 36. Qb2 Bd5 37. Bd2 Qd6 38. Be3 Qe6 39. Rc5 Bxb3 40. Rdc1 Bxa4
41. Rxa5 Rxc1+ 42. Bxc1 Bb3 43. Rb5 Bd5 44. Be3 b3 45. Qc3 h6 46. Qa5 Rc8 47.
Qb4 Kh7 48. Rb6 Qf5 49. Rb5 Qd7 50. Rb6 Rc2 51. Qf8 b2 52. Qa3 Qc6 53. Rxb2
Rxb2 54. Qxb2 Qb7 55. Qxb7 Bxb7 56. g4 Kg6 57. Kh2 Kf6 58. Kg3 Ke6 59. h4 Kd5
60. Kf4 Ke6 61. g5 h5 62. Bd2 g6 63. Bc3 Kd5 64. Bb2 1/2-1/2

[Event "2nd Yerevan Open"]
[Site "?"]
[Date "2017.09.21"]
[Round "3.61"]
[White "Khachatryan, Haik"]
[Black "Mkrtumyan, Robert"]
[Result "0-1"]
[WhiteElo "1957"]
[BlackElo "1642"]
[PlyCount "110"]

1. e4 c5 2. c3 Nc6 3. d4 cxd4 4. cxd4 d5 5. exd5 Qxd5 6. Nf3 Bg4 7. Be2 e5 8.
Nc3 Bb4 9. O-O Bxc3 10. bxc3 e4 11. Ng5 Bf5 12. Qa4 Nh6 13. Bc4 Qa5 14. Qxa5
Nxa5 15. Bb5+ Kd8 16. Re1 a6 17. Ba4 b5 18. Bc2 Rc8 19. Bxe4 Re8 20. Bd2 f6 21.
Nf7+ Kd7 22. Bxh6 Rxe4 23. Bxg7 Rxe1+ 24. Rxe1 Be6 25. Nh6 Rxc3 26. Bxf6 Bxa2
27. Re7+ Kc8 28. h4 Rc6 29. Re8+ Kb7 30. Ng4 b4 31. Be5 b3 32. d5 Rc1+ 33. Kh2
Nc4 34. Bf4 Rd1 35. Re7+ Kb6 36. Ne3 Nxe3 37. Bxe3+ Ka5 38. Rb7 Rxd5 39. Bc1
Rc5 40. Bb2 Rc2 41. Bd4 Rc4 42. Bf6 h5 43. Rh7 Rc5 44. g4 hxg4 45. Kg3 Bb1 46.
Rg7 Rc6 47. Rg5+ Kb4 48. Rxg4+ Rc4 49. Rg7 Rc6 50. Bb2 Rg6+ 51. Rxg6 Bxg6 52.
Kg4 a5 53. f4 a4 54. f5 Bxf5+ 55. Kxf5 a3 0-1